Matematické modelovanie kryštalizácie
Na minha lista:
| Autor principal: | |
|---|---|
| Outros Autores: | |
| Formato: | Manuscrito Livro |
| Idioma: | eslovaco |
| Publicado em: |
2024
|
| Assuntos: | |
| Acesso em linha: | http://is.stuba.sk/zp/portal_zp.pl?podrobnosti=166359 |
| Tags: |
Sem tags, seja o primeiro a adicionar uma tag!
|
MARC
| LEADER | 00000ntm a22000003a 4500 | ||
|---|---|---|---|
| 001 | stuzp99251 | ||
| 003 | SK-STU | ||
| 005 | 20240622210801.7 | ||
| 007 | ta | ||
| 008 | 150427s2015----xo-----f-mn---000-0-slo-d | ||
| 040 | |a STU |b slo | ||
| 041 | 0 | |a slo | |
| 100 | 1 | |a Kataieva, Oleksandra |u 046230 |4 aut |U FCHPT Ústav chemického a environmentálneho inžinierstva |T FCHPT Oddelenie chemického a biochemického inžinierstva |X 113001 |U C6230 |Y 119 |7 113001 | |
| 242 | 0 | 1 | |a Mathematical Modeling of Crystallization |y eng |
| 245 | 1 | 0 | |a Matematické modelovanie kryštalizácie |
| 260 | |c 2024 | ||
| 650 | 4 | |a vsádzková kryštalizácia |2 slo | |
| 650 | 4 | |a matematický model |2 slo | |
| 650 | 4 | |a populačné bilancie |2 slo | |
| 650 | 4 | |a mathematical model |2 eng | |
| 650 | 4 | |a batch crystallization |2 eng | |
| 650 | 4 | |a population balances |2 eng | |
| 700 | 1 | |a Červeňanský, Ivan |u 046230 |k Z1 |4 ths |U FCHPT Ústav chemického a environmentálneho inžinierstva |T FCHPT Oddelenie chemického a biochemického inžinierstva |X 44034 |U C6230 |Y 119 |7 A00000044034 | |
| 856 | 4 | |u http://is.stuba.sk/zp/portal_zp.pl?podrobnosti=166359 | |